000 01134nam a2200325 a 4500
999 _c44
_d44
001 44
003 BD-JhCC
005 20191001134018.0
008 170925s2000 nyua b 000 1 eng
020 _a0590307193
035 _a(BD-JhCC)44
040 _aDLC
_cDLC
_dDLC
_dBD-JhCC
041 _aeng
050 0 0 _aPZ7.P63123
_bRi 2000
082 0 0 _a813.54
_223
_bPIL 2000
100 1 _aPilkey, Dav ;
_d1966
245 1 0 _aRicky Ricotta's giant robot :
_ban adventure novel /
_cDav Pilkey ; pictures by Martin Ontiveros.
260 _aNew York :
_bBlue Sky Press,
_c2000.
300 _a111 p. :
_bill. ;
_c22 cm.
520 _aRicky Ricotta, a small mouse, saves a giant robot from his evil creator, Dr. Stinky, and in turn, the robot protects Ricky from the bullies at school and it saves the city from Dr. Stinky's plan to destroy it.
650 0 _aToy and movable books
_vSpecimens.
650 1 _aMice
_vFiction.
650 1 _aRobots
_vFiction.
650 1 _aHeroes
_vFiction.
650 1 _aHumorous stories.
650 1 _aToy and movable books.
700 1 _aOntiveros, Martin,
942 _2ddc
_cBK
_05